00662nam a22001575i 4500001000700000003000900007005001700016008004100033100001900074245014800093260012900241300002200370650003700392650002600429852004900455156254ES-MaACL20250822032223.0040804s1889 fr |||| | fre d1 aJanet, Pierre.12aL'automatisme psychologique b: essai de psychologie expérimentale sur les formes inférieures de l'activité humaine / cpar Pierre Janet. aParis : bAncienne Librairie Germer Baillière et Cie. : bFélix Alcan,c1889 (eÉvreux : fImp. de Charles Hérissey) a496 p. ; c22 cm.07aPsicología experimental2embne 4aPsicología-yS.XIX. aES-MaACLjB-6612 z- Enc. pasta española